Pays ayants récolté le plus de médailles olympiques depuis 1896 - Statistiques

Statistiques générales
  • Ce quiz a été pris 123 fois
  • Le résultat moyen est 38 sur 50
Statistiques - réponses
Nombres de Médailles Médailles d'Hiver Médailles d'Été Nation % Correct
2963 305 2656 États-Unis
100%
888 124 764 France
99%
150 0 150 Brésil
98%
696 62 634 Chine
98%
547 120 426 Russie
98%
551 199 326 Canada
96%
171 4 167 Espagne
96%
948 32 916 Grande Bretagne
96%
742 124 618 Italie
96%
555 58 497 Japon
96%
1272 298 974 Allemagne
95%
73 0 73 Mexique
94%
77 0 77 Argentine
92%
528 368 160 Norvége
92%
661 158 503 Suède
91%
357 70 287 Corée du Sud
90%
320 22 298 Pologne
88%
472 167 305 Finlande
87%
518 7 511 Hongrie
87%
161 6 155 Belgique
86%
326 232 94 Autriche
85%
415 130 285 Pays-Bas
85%
206 1 205 Danemark
84%
121 0 121 Gréce
83%
140 3 137 Nouvelle-Zélande
83%
358 153 205 Suisse
83%
94 4 90 Afrique du Sud
81%
104 0 104 Turquie
80%
89 0 89 Jamaique
78%
147 8 139 Ukraine
76%
98 31 67 République Tchéque
74%
309 1 308 Roumanie
74%
52 11 41 Croatie
72%
113 0 113 Kenya
72%
1204 194 1010 Union Soviétique
72%
45 17 28 Slovénie
71%
230 6 224 Bulgarie
69%
241 0 241 Cuba
67%
87 0 87 Yougoslavie
66%
76 0 76 Iran
65%
562 15 547 Australie
64%
103 18 85 Bielorussie
61%
80 8 72 Kazakhstan
57%
58 0 58 Éthiopie
54%
168 25 143 Tchécoslovaquie
52%
56 2 54 Corée du Nord
49%
519 110 409 Allemagne de l'Est
48%
49 0 49 Azerbaïdjan
27%
71 0 71 Comité Olympique de Russie
0%
135 23 112 Équipe unifiée de l'ex URSS
0%
Aucun quiz correspondant
Distribution des résultats
% des personnes avec chaque résultat
Percentile par nombre de réponses
Votre historique - résultats
Vous n’avez pas pris ce quiz